| 000 | 00418nam a2200133Ia 4500 | ||
|---|---|---|---|
| 008 | 150201s2009 xx 000 0 und d | ||
| 082 |
_a614.1 _bE09R |
||
| 100 | _aREDDY,KS NARAYANAN THE ESSENTIALS OF FORENSIC MEDICINE AND TOXICOLOGY | ||
| 245 | _aTHE ESSENTIALS OF FORENSIC MEDICINE AND TOXICOLOGY | ||
| 250 | _a20TH | ||
| 260 |
_bK. SUGUNA DEVI _aHYDERABAD _c2009 |
||
| 650 | _aFORENSIC MEDICINE | ||
| 942 |
_2ddc _cBK _016 |
||
| 999 |
_c1128 _d1128 |
||